ស្នាមញញឹមអាទិទេព / (Record no. 1614)

MARC details
000 -LEADER
fixed length control field 01826nam a22002897a 4500
001 - CONTROL NUMBER
control field 1614
003 - CONTROL NUMBER IDENTIFIER
control field FISKH
005 - DATE AND TIME OF LATEST TRANSACTION
control field 20230912094923.0
008 - FIXED-LENGTH DATA ELEMENTS--GENERAL INFORMATION
fixed length control field 230911b cb ||||| |||| 00| 0 khr d
020 ## - INTERNATIONAL STANDARD BOOK NUMBER
International Standard Book Number 9789996305887
040 ## - CATALOGING SOURCE
Original cataloging agency FISKH
Language of cataloging eng
Transcribing agency FISKH
Modifying agency FISKH
082 ## - DEWEY DECIMAL CLASSIFICATION NUMBER
Classification number 152.42
100 ## - MAIN ENTRY--PERSONAL NAME
Personal name Davy, Pierre
245 ## - TITLE STATEMENT
Title ស្នាមញញឹមអាទិទេព /
Remainder of title កម្ពុជា ឆ្នាំ១៩៤១-១៩៤៥
Statement of responsibility, etc. បកប្រែពីភាសាបារាំងដោយ ស៊ុនហេង ម់េងឈាង - រូបភាពលើក្របដោយ សេង វិសាល
250 ## - EDITION STATEMENT
Edition statement បោះពុម្ពលើកទី ៣ កញ្ញា ២០២១
260 ## - PUBLICATION, DISTRIBUTION, ETC.
Place of publication, distribution, etc. Paris :
Name of publisher, distributor, etc. Sipar,
Date of publication, distribution, etc. 2005.
300 ## - PHYSICAL DESCRIPTION
Extent 134 pages :
Other physical details illustrations ;
Dimensions 19 cm
490 ## - SERIES STATEMENT
Series statement អក្សសិល្ប៍យុវវ័យ
505 ## - FORMATTED CONTENTS NOTE
Formatted contents note Z'<br/>
520 ## - SUMMARY, ETC.
Summary, etc. Jean De La Chazalière បោះបង់ចោលកងទ័ពបារាំងបន្ទាប់ពីការដួលរលំនៃប្រទេសបារាំងនៅឆ្នាំ 1940 ហើយបានបង្ខិតបង្ខំការសហការរបស់អាជ្ញាធរអាណានិគមរដ្ឋ Vichy បារាំងជាមួយកងកម្លាំងជប៉ុនដែលកាន់កាប់ប្រទេសកម្ពុជា។
520 ## - SUMMARY, ETC.
Summary, etc. Jean De La Chazalière deserts the French Army after the Fall of France in 1940 and coerced collaboration of the Vichy French rump state colony authorities with Japanese forces who occupy Cambodia.
521 8# - TARGET AUDIENCE NOTE
Target audience note 920<br/>
Source Lexile estimate <br/>
521 8# - TARGET AUDIENCE NOTE
Target audience note Z'<br/><br/>
Source Raz-Plus <br/>
700 ## - ADDED ENTRY--PERSONAL NAME
Personal name Mengchheang, Sunheng
Relator term Translator
700 ## - ADDED ENTRY--PERSONAL NAME
Personal name Visal, Seng
Relator term illustrator
942 ## - ADDED ENTRY ELEMENTS (KOHA)
Source of classification or shelving scheme Dewey Decimal Classification
Koha item type Khmer Books
Suppress in OPAC No
Holdings
Withdrawn status Lost status Source of classification or shelving scheme Damaged status Not for loan Collection Home library Current library Shelving location Date acquired Total Checkouts Full call number Barcode Date last seen Date last checked out Copy number Price effective from Koha item type Date due
    Dewey Decimal Classification     Khmer Language Books / សៀវភៅភាសាខ្មែរ Footprints International School Library Network Toul Kork Campus Footprints International School Library Network Toul Kork Campus TK Campus, Room B402, Khmer Book Case 16, Shelves 112-123 / ទូរសៀវភៅខ្មែរលេខ ១៦​ ធ្នើរ ១១២ ដល់ ១២៣ បន្ទប់ B402 សាខាទួលគោក 09/11/2023 1 DAV 152.42 2023-0560 04/01/2026 03/02/2026 1 09/11/2023 Khmer Books  
    Dewey Decimal Classification     Khmer Language Books / សៀវភៅភាសាខ្មែរ Footprints International School Library Network Toul Kork Campus Footprints International School Library Network Toul Kork Campus TK Campus, Room B402, Khmer Book Case 16, Shelves 112-123 / ទូរសៀវភៅខ្មែរលេខ ១៦​ ធ្នើរ ១១២ ដល់ ១២៣ បន្ទប់ B402 សាខាទួលគោក 09/11/2023   DAV 152.42 2023-0561 09/11/2023   2 09/11/2023 Khmer Books  
    Dewey Decimal Classification     Khmer Language Books / សៀវភៅភាសាខ្មែរ Footprints International School Library Network Toul Tom Poung Campus Footprints International School Library Network Toul Tom Poung Campus TTP Secondary Khmer Bookshelves 06/27/2024 2 DAV 152.42 FISTK05103 04/01/2026 04/01/2026 3 06/27/2024 Khmer Books 04/15/2026
    Dewey Decimal Classification     Khmer Language Books / សៀវភៅភាសាខ្មែរ Footprints International School Library Network Toul Tom Poung Campus Footprints International School Library Network Toul Tom Poung Campus TTP Secondary Khmer Bookshelves 06/09/2025 1 DAV 152.42 FIS05157 03/31/2026 03/02/2026 4 06/09/2025 Khmer Books  
    Dewey Decimal Classification     Khmer Language Books / សៀវភៅភាសាខ្មែរ Footprints International School Library Network Toul Tom Poung Campus Footprints International School Library Network Toul Tom Poung Campus TTP Secondary Khmer Bookshelves 08/13/2025   DAV 152.42 FIS03156 08/13/2025   5 08/13/2025 Khmer Books